000 00340nam a2200133Ia 4500
008 231017s9999 xx 000 0 und d
082 _a388.112099
082 _bPAU
245 0 _aEconomic Evaluation of Road Investment Proposals: Risk Analysis (AP-R203)
245 0 _cAustroads
260 _bAustroads
300 _c30cm
942 _cREP
999 _c604298
_d604298